MARC

LEADER 00000nam a2200000Ia 4500
001 19299
008 160829s9999 xx 000 0 cat d
080 |a FU-3-55 
245 |a Regatas de motonáutica, remo y vela 
260 |a [Barcelona :  |b Real Club Marítimo de Barcelona, Real Club Náutico de Barcelona, [1964 ?]] 
300 |a 14 p. :  |b  mapes ;  |c 22 cm 
590 |a Prové de R-391, exp. 20 
650 |a Regates  |x Barcelona   |9 47810 
650 |a Rem (Esport)  |9 47811 
700 |a Reial Club Marítim de Barcelona   |9 38598 
700 |a Real Club Náutico de Barcelona  |9 47812 
901 |a Arxiu 
942 |n 1 
952 |0 0  |1 0  |4 0  |6 FU355  |7 1  |9 54129  |a Arxiu  |b Arxiu  |d 2016-12-01  |l 0  |o FU-3-55  |p 19299  |r 2016-12-01 00:00:00  |w 2016-12-01  |y ARXIU 
999 |c 57998  |d 57998